logo

Bir Sreshtho Munshi Abdur Rouf Library
Jhenaidah Cadet College

Skylines / (Record no. 4209)

MARC details
000 -LEADER
fixed length control field 00637nam a2200241 a 4500
001 - CONTROL NUMBER
JCCL Control Number 4209
003 - CONTROL NUMBER IDENTIFIER
JCCL marc code BD-JhCC
005 - DATE AND TIME OF LATEST TRANSACTION
control field 20171126092044.0
008 - FIXED-LENGTH DATA ELEMENTS--GENERAL INFORMATION
fixed length control field 171123s1976 uk |||| |||| 000 0 eng d
035 ## - SYSTEM CONTROL NUMBER
system control number (BD-JhCC)
040 ## - CATALOGING SOURCE
Original cataloging agency BD-JhCC
Modifying agency BD-JhCC
041 ## - LANGUAGE CODE
Language code of Book eng
082 ## - DEWEY DECIMAL CLASSIFICATION NUMBER
Classification number 910.91732
Author mark and Year STA 1976
100 ## - MAIN ENTRY--PERSONAL NAME
Personal name Stanchfield, Jo M.
245 ## - TITLE STATEMENT
Title Skylines /
Statement of responsibility, etc Jo M. Stanchfild and Thomas G. Gunning
260 ## - PUBLICATION, DISTRIBUTION, ETC. (IMPRINT)
Place of publication, distribution, etc Boston :
Name of publisher, distributor, etc Houghton Mifflin Company;
Date of publication, distribution, etc 1976
300 ## - PHYSICAL DESCRIPTION
Pagination 264 p.;
Dimensions 26 cm
650 ## - SUBJECT ADDED ENTRY--TOPICAL TERM
Topical term or geographic name as entry element Cities and towns
650 ## - SUBJECT ADDED ENTRY--TOPICAL TERM
Topical term or geographic name as entry element Travelogue
650 ## - SUBJECT ADDED ENTRY--TOPICAL TERM
Topical term or geographic name as entry element Mind and body therapies
700 ## - ADDED ENTRY--PERSONAL NAME
Personal name Gunning, Thomas G.
942 ## - ADDED ENTRY ELEMENTS (KOHA)
Source of classification or shelving scheme Dewey Decimal Classification
Koha item type Books
Holdings
Source of classification or shelving scheme Damaged status Not for loan Home library Current library Shelving location Date of accession Total Checkouts Full call number Barcode Date last seen Copy number Koha item type Source of acquisition
Dewey Decimal Classification     JCC Rouf Library JCC Rouf Library General Stacks 11/23/2017   910.91732 STA 1976 5800 11/23/2017 C-1 Books  
Dewey Decimal Classification     JCC Rouf Library JCC Rouf Library General Stacks 11/29/2017   910.91732 STA 1976 6671 11/29/2017 C-2 Books Tha Asia Foundation

JCC Library | Contacts | JCC Home

Last Update on 23 September 2017
Copyright @ 2017-2020 JCC Rouf Library
Rouf Library, Jhenidah Cadet College (JCC), Bangladesh